LEADER 02561nam 2200649 a 450 001 9910954153303321 005 20240313221202.0 010 $a9781849693639 010 $a1849693633 035 $a(CKB)2560000000103191 035 $a(OCoLC)849917304 035 $a(CaPaEBR)ebrary10714642 035 $a(SSID)ssj0000973309 035 $a(PQKBManifestationID)11514575 035 $a(PQKBTitleCode)TC0000973309 035 $a(PQKBWorkID)10961179 035 $a(PQKB)10838859 035 $a(Au-PeEL)EBL1192661 035 $a(CaPaEBR)ebr10714642 035 $a(CaONFJC)MIL497733 035 $a(OCoLC)850162217 035 $a(PPN)228046858 035 $a(FR-PaCSA)88850357 035 $a(MiAaPQ)EBC1192661 035 $a(FRCYB88850357)88850357 035 $a(DE-B1597)722883 035 $a(DE-B1597)9781849693639 035 $a(EXLCZ)992560000000103191 100 $a20130606d2013 uy 0 101 0 $aeng 135 $aurcn||||||||| 181 $ctxt 182 $cc 183 $acr 200 10$aWorld of Warcraft gold strategy guide $ethe comprehensive guide to making gold in World of Warcraft, packed with the latest tips and strategies, designed to make you millions /$fEric Dekker 205 $a1st ed. 210 $aBirmingham $cPackt Pub.$d2013 215 $a1 online resource (196 p.) 300 $a"Gold strategy guides: a workout - not a walkthrough"--Cover. 300 $aIncludes index. 311 08$a9781849693622 311 08$a1849693625 327 $aSetting up your gold-making empire -- Earning your first gold -- Exploring your major income sources -- Using your professions effectively -- The tools of the trades -- Understanding and profiting from market behavior -- Expanding and streamlining your empire -- The final stages of becoming a World of Warcraft gold tycoon. 330 $aRich with examples, detailed breakdowns, and step-by-step instructions, this book gets down to the nuts and bolts of gold making, to help you become a World of Warcraft gold tycoon.This book is for every World of Warcraft player who's tired of scrapping for gold or has ever wanted to be the one showing off expensive items in town. 606 $aVideo games 606 $aFantasy games 615 0$aVideo games. 615 0$aFantasy games. 676 $a794 700 $aDekker$b Eric$01795071 801 0$bMiAaPQ 801 1$bMiAaPQ 801 2$bMiAaPQ 906 $aBOOK 912 $a9910954153303321 996 $aWorld of Warcraft gold strategy guide$94336112 997 $aUNINA